Thanh toán quốc tế
محفوظ في:
| المؤلف الرئيسي: | |
|---|---|
| التنسيق: | كتاب |
| منشور في: |
Thống kê
2006
|
| الوسوم: |
إضافة وسم
لا توجد وسوم, كن أول من يضع وسما على هذه التسجيلة!
|
| Thư viện lưu trữ: | Mạng thư viện Đại học Đà Nẵng |
|---|
| LEADER | 00550nam a2200229 a 4500 | ||
|---|---|---|---|
| 001 | 000029871 | ||
| 003 | 24675 | ||
| 005 | 20171030145630.0 | ||
| 008 | 171030s2006 | ||
| 020 | |c 42500 | ||
| 040 | |a LTT | ||
| 082 | 0 | |a 382.17 |b NG-K | |
| 100 | 1 | |a Nguyễn Minh Kiều, TS | |
| 245 | 0 | 0 | |a Thanh toán quốc tế |c Nguyễn Minh Kiều. |
| 260 | |b Thống kê |c 2006 | ||
| OWN | |a LTT | ||
| 999 | |a From the UDN01 | ||
| TYP | |a Monograph | ||
| TYP | |a Printed language | ||
| 980 | |a Mạng thư viện Đại học Đà Nẵng | ||